01433na a2200361 450000100060000000300080000600500170001400800410003102000150007203500100008704000250009708200290012209000280015110000170017924501440019624600270034024600580036726000240042530000400044949000260048950400200051565000400053565000430057565000460061865000490066465100380071365100420075170000250079394200130081895201100083195201150094199900150105614718MIRAKIL20181213155201.0160830b tu 000 0  a9759876906 a14718 aMilasbturcTR-AnCHP a324.9561 2004bT85s 2004 a324.9561 2004 T85s 2004 aTuncer, Erol aSeçim 2004b28 Mart 2004 il genel meclisi ve belediye seçimleri : sayısal ve siyasal değerlendirmecErol Tuncer, Coşkun Kasapbaş a2004 yerel seçimleri a28 Mart 2004 il genel meclisi ve belediye seçimleri aAnkarabTESAVc2004 ax, 410 s.bgrf., hrt., tbl.c24 sm. aTESAV yayınlarıv26 aKaynakça var. aSiyasal tarihy2004-2009zTürkiye aSiyasal partilerx2004-2009zTürkiye aYerel yönetimlerxSeçimlerzTürkiye aYerel seçimleryİstatistiklerzTürkiye aTürkiyexYerel seçimler, 2004 aTürkiyexYerel yönetimy2004-2009 aKasapbaş, Coşkun 2ddccBKS a0001b0001d2016-08-30e2l0o324.9561 2004 T85s 2004p003041r2016-08-30 00:00:00v0.00w2016-08-30yBKS a0001b0001d2016-09-16e2l0o324.9561 2004 T85s 2004p006004r2016-09-16 00:00:00tk.2v0.00w2016-09-16yBKS c8133d8133